[Event "Lichtenrader Herbst 2017"]
[Site "Berlin"]
[Date "2017.10.28"]
[Round "1.27"]
[White "Llopis de Aysa, Manuel"]
[Black "Prix, Siegfried"]
[Result "1/2-1/2"]
[WhiteElo "2138"]
[BlackElo "1644"]
[PlyCount "124"]
[EventDate "2017.??.??"]
[BlackTeam "SF 1903 Berlin"]

1. d4 d5 2. c4 c6 3. cxd5 cxd5 4. Bg5 Qb6 5. Nc3 e6 6. Qd2 Nc6 7. e3 Bd6 8. Bd3
Nb4 9. Bb5+ Nc6 10. Nf3 Bd7 11. O-O Nge7 12. Bd3 Rc8 13. e4 Nxd4 14. Nxd4 Qxd4
15. Nb5 Qb4 16. Qe2 Bb8 17. a3 Qa4 18. Bxe7 Kxe7 19. Nc3 Qb3 20. exd5 Rhd8 21.
Rad1 Kf8 22. Bb1 Qc4 23. Qh5 h6 24. Rfe1 exd5 25. Ba2 Bg4 26. Qh4 Qf4 27. Qe7+
Kg8 28. g3 Qc7 29. Rxd5 Be6 30. Rxd8+ Rxd8 31. Qxc7 Bxc7 32. Bxe6 fxe6 33. Rxe6
Rd7 34. Kg2 Kf7 35. Re2 a6 36. h4 h5 37. Kf3 g6 38. Rc2 Be5 39. Ke2 Ke6 40. Ne4
Kf5 41. Nd2 Re7 42. Kf3 b5 43. Nf1 Re6 44. Ne3+ Kf6 45. g4 Kf7 46. Nd5 Rd6 47.
Ke4 Re6 48. Nf4 Re7 49. Nd5 Re6 50. Kf3 hxg4+ 51. Kxg4 Rd6 52. Ne3 Rd4+ 53. Kh3
Rd6 54. Ng4 Rd3+ 55. Kg2 Bd6 56. Ne3 Rd4 57. Kh3 Be7 58. Ng4 Rd3+ 59. Ne3 Rd4
60. Ng4 Rd3+ 61. Ne3 Rd4 62. Ng4 Rd3+ 1/2-1/2

[Event "Lichtenrader Herbst 2017"]
[Site "Berlin"]
[Date "2017.10.28"]
[Round "1.28"]
[White "Fock, Sana"]
[Black "Niehaus, Frank"]
[Result "0-1"]
[WhiteElo "1644"]
[BlackElo "2117"]
[PlyCount "64"]
[EventDate "2017.??.??"]
[WhiteTeam "SC Zugzwang 95 (Berlin)"]
[BlackTeam "SK Koenig Tegel"]

1. e4 c5 2. c3 Nf6 3. e5 Nd5 4. d4 cxd4 5. cxd4 d6 6. Nf3 Nc6 7. Bc4 Nb6 8. Bb3
dxe5 9. Ng5 e6 10. Qf3 f6 11. Bxe6 Nxd4 12. Bf7+ Kd7 13. Qh3+ Kc7 14. Qc3+ Kb8
15. Na3 fxg5 16. Qg3 Bd6 17. Bxg5 Qc7 18. Bh5 Bxa3 19. Rc1 Bb4+ 20. Kf1 Nc6 21.
a3 Bd6 22. b4 a6 23. Qb3 Qd7 24. Be3 Nd4 25. Qd1 Bc7 26. h3 Rf8 27. Bg4 Qb5+
28. Be2 Qxe2+ 29. Qxe2 Nxe2 30. Kxe2 Bd7 31. Rhd1 Bc6 32. Bc5 Re8 0-1

[Event "Lichtenrader Herbst 2017"]
[Site "Berlin"]
[Date "2017.10.28"]
[Round "1.29"]
[White "Gebigke, Martin"]
[Black "Granzin, David"]
[Result "1-0"]
[WhiteElo "2109"]
[BlackElo "1637"]
[PlyCount "59"]
[EventDate "2017.??.??"]
[WhiteTeam "SC Kreuzberg"]
[BlackTeam "SC Kreuzberg"]

1. d4 d5 2. c4 Nc6 3. Nf3 Bg4 4. cxd5 Bxf3 5. gxf3 Qxd5 6. e3 e5 7. Nc3 Bb4 8.
Bd2 Bxc3 9. bxc3 exd4 10. cxd4 Nf6 11. Rg1 O-O 12. Be2 Qh5 13. Rg2 Rfe8 14. Rb1
a6 15. Rc1 Rad8 16. Rc5 Rd5 17. Rxd5 Nxd5 18. Kf1 Nf6 19. Kg1 Qd5 20. Bc3 Qxa2
21. Rg5 Nd5 22. Ba1 h6 23. Rg3 Qa3 24. Bc4 Nce7 25. e4 Nf6 26. d5 Ng6 27. d6
Qxd6 28. Qxd6 cxd6 29. Bxf6 gxf6 30. Rxg6+ 1-0

[Event "Lichtenrader Herbst 2017"]
[Site "Berlin"]
[Date "2017.10.28"]
[Round "1.30"]
[White "Stein, Siegfried"]
[Black "Jaeschke, Jens Uwe"]
[Result "0-1"]
[WhiteElo "1634"]
[BlackElo "2107"]
[PlyCount "108"]
[EventDate "2017.??.??"]
[WhiteTeam "SV Berolina Mitte"]
[BlackTeam "SF Nordost Berlin"]

1. e4 e5 2. Nc3 Nf6 3. Bc4 Nc6 4. d3 Na5 5. Bb3 Nxb3 6. axb3 d5 7. exd5 Bb4 8.
Bd2 O-O 9. Nge2 Nxd5 10. O-O Nxc3 11. Bxc3 Bxc3 12. Nxc3 Bd7 13. Qh5 Re8 14. f4
f6 15. f5 Bc6 16. Rae1 Re7 17. Kh1 Qe8 18. Qh4 Rd8 19. Ne4 Rd4 20. Rf3 Bxe4 21.
Rxe4 Red7 22. Rfe3 c5 23. h3 R7d6 24. Kh2 Qc6 25. Qe1 Rxe4 26. dxe4 Rd4 27. Qe2
b6 28. c3 Rd6 29. Qc4+ Kf8 30. Rd3 Rxd3 31. Qxd3 b5 32. c4 bxc4 33. bxc4 a5 34.
b3 Ke7 35. Qd5 Qxd5 36. exd5 g6 37. fxg6 hxg6 38. g4 g5 39. Kg3 Kd6 40. Kf3 Ke7
41. Ke4 Kd6 42. Kf3 Ke7 43. Kg3 Kd6 44. h4 gxh4+ 45. Kxh4 e4 46. Kg3 Ke5 47. d6
Kxd6 48. Kf4 e3 49. Kxe3 Ke5 50. Kf3 Kd4 51. Kf4 Kc3 52. Kf5 Kxb3 53. Kxf6 a4
54. g5 a3 0-1

[Event "Lichtenrader Herbst 2017"]
[Site "Berlin"]
[Date "2017.10.29"]
[Round "2.1"]
[White "Welz, Peter"]
[Black "Kryakvin, Dmitry"]
[Result "0-1"]
[WhiteElo "2016"]
[BlackElo "2583"]
[PlyCount "114"]
[EventDate "2017.??.??"]
[WhiteTeam "SV Empor Berlin"]

1. e4 g6 2. d4 Bg7 3. f4 d5 4. e5 Nh6 5. Nf3 O-O 6. c3 f6 7. Bd3 fxe5 8. fxe5
c5 9. O-O Nc6 10. h3 Qb6 11. Qb3 cxd4 12. Qxb6 axb6 13. Bb5 Bf5 14. Bg5 Bxb1
15. Rfxb1 Rxf3 16. Bxc6 bxc6 17. gxf3 Nf5 18. Re1 c5 19. Kg2 e6 20. a3 Kf7 21.
cxd4 Nxd4 22. Rac1 c4 23. Bd2 Nb3 24. Rc2 b5 25. f4 Bf8 26. Rh1 d4 27. Be1 d3
28. Rf2 Bc5 29. Rf3 Bd4 30. h4 h5 31. Bc3 Bxc3 32. bxc3 Rxa3 33. Kh3 Nd2 34.
Rf2 Ne4 35. Rg2 d2 36. Kh2 Rxc3 37. Ra1 Rc1 38. Ra7+ Kf8 39. Ra8+ Kg7 40. Ra7+
Kh6 41. f5 Rh1+ 42. Kxh1 d1=Q+ 43. Kh2 g5 44. fxe6 Qe1 45. e7 Qxh4+ 46. Kg1
Qe1+ 47. Kh2 g4 48. Ra6+ Kg5 49. Rg6+ Kxg6 50. e8=Q+ Kf5 51. Qd7+ Kf4 52. Qf7+
Ke3 53. Qa7+ Kd3 54. Qg7 g3+ 55. Rxg3+ Qxg3+ 56. Qxg3+ Nxg3 57. Kxg3 c3 0-1

[Event "Lichtenrader Herbst 2017"]
[Site "Berlin"]
[Date "2017.10.29"]
[Round "2.2"]
[White "Danin, Alexandre"]
[Black "Albrecht, Rainer"]
[Result "1-0"]
[WhiteElo "2530"]
[BlackElo "2014"]
[PlyCount "115"]
[EventDate "2017.??.??"]
[WhiteTeam "TSV Schoenaich"]
[BlackTeam "SC Kreuzberg"]

1. Nf3 e6 2. d3 d5 3. g3 Nf6 4. Bg2 Be7 5. O-O O-O 6. b3 c5 7. c4 Nc6 8. cxd5
Nxd5 9. Bb2 Bf6 10. Qd2 b6 11. Nc3 Nxc3 12. Bxc3 Bb7 13. Rac1 Bxc3 14. Qxc3 Qd6
15. Qb2 Rfd8 16. Nd2 Rab8 17. Nc4 Qd4 18. Bxc6 Bxc6 19. Qxd4 Rxd4 20. Rc2 Kf8
21. a3 Bd5 22. Nd2 e5 23. f3 Be6 24. Rb1 a5 25. Kf2 Ke7 26. Rc3 f6 27. Nf1 Ra8
28. Ne3 Kd7 29. Nc2 Rd6 30. Ke3 Kc6 31. b4 axb4 32. axb4 Rd4 33. Kf2 Rd7 34.
Ne3 Rc7 35. f4 exf4 36. gxf4 Kd6 37. bxc5+ bxc5 38. Rb6+ Kd7 39. Rb5 Rac8 40.
Kf3 Rc6 41. Ra5 R8c7 42. Ra1 Kd6 43. Rac1 Bd5+ 44. Kf2 Be6 45. h4 Rc8 46. Rg1
R6c7 47. h5 h6 48. Nc4+ Bxc4 49. Rxc4 Re8 50. Rgc1 Rc6 51. Kf3 f5 52. e4 fxe4+
53. dxe4 Re7 54. f5 Ra7 55. Kf4 Ra2 56. Rg1 Rca6 57. Rg6+ Ke7 58. Rxg7+ 1-0

[Event "Lichtenrader Herbst 2017"]
[Site "Berlin"]
[Date "2017.10.29"]
[Round "2.3"]
[White "Krueger, Robin Kevin"]
[Black "Stern, Rene"]
[Result "0-1"]
[WhiteElo "1999"]
[BlackElo "2498"]
[PlyCount "66"]
[EventDate "2017.??.??"]
[WhiteTeam "MTV Tostedt"]
[BlackTeam "SK Koenig Tegel"]

1. e4 e5 2. Nf3 Nc6 3. Bc4 Be7 4. d4 d6 5. d5 Nb8 6. Bd3 Bg4 7. h3 Bxf3 8. Qxf3
Bg5 9. O-O Bxc1 10. Rxc1 Ne7 11. c4 Nd7 12. Nc3 a5 13. Na4 Nc5 14. Nxc5 dxc5
15. Qg3 Ng6 16. Be2 h5 17. Rc3 Qe7 18. Rb3 b6 19. Rd1 Rd8 20. Rf3 h4 21. Qg4
Rh6 22. Rf5 Kf8 23. Rh5 Rxh5 24. Qxh5 Kg8 25. g3 Qd7 26. Qg5 Re8 27. Bh5 Nf8
28. Qxh4 Qa4 29. Rd3 g6 30. Bg4 Qxc4 31. Rf3 Qxe4 32. Qf6 Qxd5 33. h4 Nh7 0-1

[Event "Lichtenrader Herbst 2017"]
[Site "Berlin"]
[Date "2017.10.29"]
[Round "2.4"]
[White "Kasparov, Sergey"]
[Black "Vogel, Constantin"]
[Result "1/2-1/2"]
[WhiteElo "2450"]
[BlackElo "1998"]
[PlyCount "155"]
[EventDate "2017.??.??"]
[BlackTeam "SV Anderssen Arolsen"]

1. e4 Nf6 2. e5 Nd5 3. d4 d6 4. Nf3 Bg4 5. Be2 e6 6. O-O Nc6 7. c4 Nb6 8. exd6
cxd6 9. d5 exd5 10. cxd5 Bxf3 11. Bxf3 Ne5 12. Be2 Be7 13. Nc3 O-O 14. Be3 Nec4
15. Bd4 Bf6 16. b3 Bxd4 17. Qxd4 Ne5 18. f4 Ned7 19. Bf3 Qf6 20. Qxf6 Nxf6 21.
Rac1 Rfc8 22. Nb5 Ne8 23. a4 a6 24. Nc3 g6 25. g4 Rc7 26. a5 Nd7 27. Ne2 Rac8
28. Rxc7 Rxc7 29. Rc1 Rxc1+ 30. Nxc1 b6 31. b4 bxa5 32. bxa5 Nc5 33. Kf2 Nc7
34. Ke3 h5 35. g5 f5 36. h4 Kf7 37. Kd4 Ke7 38. Kc4 Nb5 39. Be2 Nc7 40. Bd3 Kd7
41. Kd4 Ke7 42. Bc4 Kd7 43. Kc3 Ne4+ 44. Kd4 Nc5 45. Be2 Ke7 46. Kc4 Nb5 47.
Kb4 Nc7 48. Bc4 Kd7 49. Ne2 Ke7 50. Nd4 Ke8 51. Nc6 Nd7 52. Kc3 Kf7 53. Kd4 Ke8
54. Be2 Kf7 55. Bf1 Ke8 56. Bc4 Kf8 57. Kc3 Ke8 58. Nb4 Nc5 59. Nd3 Nxd3 60.
Kxd3 Kd7 61. Bb3 Ke7 62. Kc4 Kd8 63. Ba4 Kc8 64. Bc6 Kd8 65. Bb7 Kd7 66. Kb4
Kd8 67. Kb3 Kd7 68. Kc4 Kd8 69. Bxa6 Nxa6 70. Kb5 Nc5 71. Kc6 Kc8 72. Kxd6 Nd3
73. Ke7 Nxf4 74. d6 Nd5+ 75. Ke8 Nc7+ 76. Ke7 Nd5+ 77. Ke8 Nc7+ 78. Ke7 1/2-1/2

[Event "Lichtenrader Herbst 2017"]
[Site "Berlin"]
[Date "2017.10.29"]
[Round "2.6"]
[White "Ahmadinia, Ebrahim"]
[Black "Turbin, Yaroslav"]
[Result "1-0"]
[WhiteElo "2410"]
[BlackElo "1986"]
[PlyCount "89"]
[EventDate "2017.??.??"]
[WhiteTeam "SF 1903 Berlin"]

1. e4 c5 2. Nf3 e6 3. c3 Nf6 4. e5 Nd5 5. Bc4 Nc6 6. O-O d6 7. d4 cxd4 8. cxd4
Be7 9. Qe2 Nb6 10. Bb3 d5 11. Nc3 Bd7 12. Bc2 Nc4 13. Rd1 Qa5 14. a3 b5 15. Ra2
b4 16. axb4 Qxb4 17. h4 N6a5 18. Bb1 Nb3 19. Bg5 a5 20. Bd3 Rc8 21. Bxe7 Kxe7
22. Bxc4 Rxc4 23. Qe3 h6 24. Nd2 Nxd2 25. Rxd2 a4 26. Qg3 Rg8 27. Qg4 Be8 28.
Ra3 Bd7 29. Kh2 Be8 30. Qf4 Bd7 31. Ne2 Bb5 32. Rf3 Rf8 33. Rg3 Rg8 34. Rf3 Rf8
35. Ng3 Rc1 36. Nh5 g6 37. Ng7 Be8 38. Rdd3 Qe1 39. Qf6+ Kd7 40. Nxe6 fxe6 41.
Qxf8 Qh1+ 42. Kg3 g5 43. Qd6+ Kc8 44. Rc3+ Kb7 45. Rb3+ 1-0

[Event "Lichtenrader Herbst 2017"]
[Site "Berlin"]
[Date "2017.10.29"]
[Round "2.7"]
[White "Kather, Yannick"]
[Black "Malek, Daniel"]
[Result "1/2-1/2"]
[WhiteElo "1981"]
[BlackElo "2368"]
[PlyCount "109"]
[EventDate "2017.??.??"]
[WhiteTeam "SC Weisse Dame (Berlin)"]
[BlackTeam "SK Zehlendorf"]

1. e4 c6 2. d4 d5 3. Nd2 dxe4 4. Nxe4 Bf5 5. Ng3 Bg6 6. h4 h6 7. Nf3 e6 8. Ne5
Bh7 9. Bd3 Bxd3 10. Qxd3 Nd7 11. f4 Be7 12. Bd2 Nxe5 13. fxe5 Bxh4 14. O-O-O
Bxg3 15. Qxg3 Ne7 16. Qxg7 Rg8 17. Qh7 Rxg2 18. Rhf1 Nf5 19. Rg1 Rxg1 20. Rxg1
Kd7 21. Rg6 Qe7 22. Rf6 Rf8 23. a3 b6 24. d5 Ke8 25. d6 Nxd6 26. Bxh6 Nc4 27.
Bxf8 Qxf8 28. Qh5 Qg7 29. Rxe6+ Kd7 30. Rf6 Qg1+ 31. Qd1+ Qxd1+ 32. Kxd1 Nxe5
33. b3 a5 34. Kd2 Ke7 35. Rh6 f6 36. Rh7+ Kd6 37. Ke3 c5 38. Ke4 Ke6 39. Rh6
Nf7 40. Rh5 Nd6+ 41. Kf4 Nf7 42. b4 axb4 43. axb4 Ne5 44. bxc5 bxc5 45. Ke4 Kd6
46. Kf5 Nc4 47. Rh3 Ke7 48. Rd3 Nd6+ 49. Kg6 c4 50. Re3+ Kd7 51. Kxf6 Kc6 52.
Re5 Nb5 53. Kg5 Nd4 54. Re4 Kd5 55. Kf4 1/2-1/2

[Event "Lichtenrader Herbst 2017"]
[Site "Berlin"]
[Date "2017.10.29"]
[Round "2.8"]
[White "Schmidek, Emil"]
[Black "Di Candia, Roberto"]
[Result "1-0"]
[WhiteElo "2298"]
[BlackElo "1978"]
[PlyCount "99"]
[EventDate "2017.??.??"]
[WhiteTeam "SF 1903 Berlin"]
[BlackTeam "SF 1903 Berlin"]

1. e4 c5 2. Nf3 g6 3. d4 cxd4 4. Nxd4 Nc6 5. c4 Bg7 6. Be3 Nf6 7. Nc3 O-O 8.
Be2 d6 9. O-O Nxd4 10. Bxd4 Bd7 11. Qd2 Bc6 12. f3 a5 13. b3 Nd7 14. Be3 Nc5
15. Rab1 Qb6 16. Rfc1 Rfc8 17. Rc2 Qb4 18. Qc1 Qb6 19. a3 Qd8 20. Qd2 h5 21. b4
axb4 22. axb4 Na4 23. Nd5 e6 24. Nf4 b5 25. cxb5 Be8 26. Rbc1 Rxc2 27. Rxc2 Nb6
28. Ra2 Rxa2 29. Qxa2 d5 30. exd5 exd5 31. Bc5 Bh6 32. Nxg6 fxg6 33. Qa5 d4 34.
Qxb6 Be3+ 35. Kf1 Qd5 36. Qb8 Qe6 37. b6 Bg1 38. b7 Qe3 39. Qg3 Bxh2 40. Qxh2
Qc1+ 41. Kf2 Qe3+ 42. Kg3 Qg5+ 43. Kh3 Bd7+ 44. g4 hxg4+ 45. fxg4 Qh6+ 46. Kg3
Qe3+ 47. Bf3 Qe1+ 48. Kh3 Bxg4+ 49. Bxg4 Qe3+ 50. Qg3 1-0

[Event "Lichtenrader Herbst 2017"]
[Site "Berlin"]
[Date "2017.10.29"]
[Round "2.9"]
[White "Hahlbohm, Matthias"]
[Black "Kalka, Arkadius Georg"]
[Result "1/2-1/2"]
[WhiteElo "1972"]
[BlackElo "2286"]
[PlyCount "130"]
[EventDate "2017.??.??"]
[WhiteTeam "TSG Oberschoeneweide"]
[BlackTeam "SC Hansa Dortmund"]

1. e4 c5 2. Nf3 Nc6 3. d4 cxd4 4. Nxd4 g6 5. Nc3 Bg7 6. Be3 Nf6 7. f3 O-O 8.
Qd2 d5 9. O-O-O Rb8 10. Nb3 e6 11. Bh6 dxe4 12. Bxg7 Kxg7 13. Qe3 Qc7 14. fxe4
b6 15. Be2 h5 16. Rdg1 Bb7 17. g4 h4 18. g5 Nd7 19. Qf2 Rh8 20. Rf1 Nde5 21.
Nd4 Nxd4 22. Qxd4 Rbc8 23. Rd1 Rcd8 24. Qf2 Qe7 25. Qf4 Nd7 26. Rhf1 a6 27. e5
b5 28. Bf3 Bxf3 29. Rxf3 Nc5 30. Rxd8 Rxd8 31. b4 Nd7 32. a3 Rc8 33. Qxh4 Rh8
34. Qf4 Nb6 35. Ne4 Nd5 36. Qg3 Rh7 37. Nf6 Rh8 38. h4 Qc7 39. Nxd5 exd5 40.
Qf4 Rc8 41. Rf2 Qe7 42. Qd4 Rc4 43. Qxd5 Rxh4 44. Rf6 Rh5 45. Rxa6 Qxg5+ 46.
Kb2 Qxe5+ 47. Qxe5+ Rxe5 48. a4 f5 49. Ra5 f4 50. axb5 f3 51. b6 Re6 52. Ra3
Rxb6 53. Rxf3 Rxb4+ 54. Kc3 Rb8 55. Kd4 Rd8+ 56. Ke4 Rc8 57. Kd3 g5 58. c4 Kg6
59. Rf1 g4 60. Kd4 Kg5 61. c5 g3 62. Kd5 Kg4 63. c6 g2 64. Rg1 Kf3 65. Kd6 Kf2
1/2-1/2

[Event "Lichtenrader Herbst 2017"]
[Site "Berlin"]
[Date "2017.10.29"]
[Round "2.10"]
[White "Noeldner, Julian"]
[Black "Heinig, Wolfram"]
[Result "0-1"]
[WhiteElo "1956"]
[BlackElo "2270"]
[PlyCount "95"]
[EventDate "2017.??.??"]
[WhiteTeam "SF Nordost Berlin"]
[BlackTeam "SK Zehlendorf"]

1. e4 c6 2. d4 d5 3. Nd2 dxe4 4. Nxe4 Bf5 5. Ng3 Bg6 6. h4 h6 7. Nf3 Nd7 8. h5
Bh7 9. Bd3 Bxd3 10. Qxd3 e6 11. Bd2 Ngf6 12. O-O-O Be7 13. Kb1 O-O 14. Ne4 Nxe4
15. Qxe4 Nf6 16. Qe2 Qd5 17. Ne5 c5 18. dxc5 Qe4 19. Qe3 Rfc8 20. c6 bxc6 21.
Rhe1 Qxe3 22. Bxe3 Rc7 23. Rh1 Nd5 24. Bd2 f6 25. Ng6 Bc5 26. c4 Ne7 27. Ba5
Rb7 28. Nxe7+ Rxe7 29. Rd2 e5 30. Rhd1 Bd4 31. Kc2 Rb8 32. Bc3 c5 33. a3 Reb7
34. b4 a6 35. f4 Bxc3 36. Kxc3 cxb4+ 37. axb4 Rxb4 38. Rd8+ Kf7 39. Rxb8 Rxb8
40. fxe5 fxe5 41. Rd6 Ra8 42. c5 a5 43. c6 a4 44. Rd7+ Kf6 45. c7 Rc8 46. Kb4
e4 47. Kb5 e3 48. Kb6 0-1

[Event "Lichtenrader Herbst 2017"]
[Site "Berlin"]
[Date "2017.10.29"]
[Round "2.11"]
[White "Barath, M."]
[Black "Pfau, Beate"]
[Result "1-0"]
[WhiteElo "2259"]
[BlackElo "1942"]
[PlyCount "127"]
[EventDate "2017.??.??"]
[WhiteTeam "SC Zugzwang 95 (Berlin)"]
[BlackTeam "SF Schwedt"]

1. d4 Nf6 2. c4 e6 3. Nc3 d5 4. cxd5 exd5 5. Bg5 Be7 6. e3 c6 7. Bd3 Be6 8.
Nge2 Nh5 9. Bxe7 Qxe7 10. Qb3 O-O 11. h3 c5 12. Qc2 g6 13. dxc5 Qxc5 14. g4 Ng7
15. Nb5 Na6 16. Nbd4 Rac8 17. Qxc5 Nxc5 18. Bc2 a6 19. f3 Rc7 20. Kd2 Rd8 21.
Rac1 Rdc8 22. Nf4 Nd7 23. Nd3 Nb6 24. b3 Nd7 25. Bb1 Rxc1 26. Rxc1 Rxc1 27.
Kxc1 Kf8 28. Kd2 Ke7 29. Kc3 Kd6 30. Bc2 f6 31. b4 Bf7 32. Bb3 Ne6 33. Nxe6
Bxe6 34. Nf4 Bf7 35. e4 d4+ 36. Kxd4 Bxb3 37. axb3 Ne5 38. Ke3 Nc6 39. Nd5 Ke6
40. b5 axb5 41. Nc7+ Kd7 42. Nxb5 Ne7 43. Kd4 b6 44. Nc3 Nc6+ 45. Ke3 Na5 46.
b4 Nc6 47. b5 Na7 48. Kd4 Ke6 49. f4 f5 50. gxf5+ gxf5 51. e5 h6 52. Kc4 Nc8
53. Na4 Kd7 54. Nc3 Ke6 55. Nd5 Kf7 56. h4 Ke6 57. h5 Kf7 58. Nxb6 Nxb6+ 59.
Kc5 Nd7+ 60. Kd6 Nb6 61. Kc6 Nc4 62. b6 Ke6 63. b7 Na5+ 64. Kb6 1-0

[Event "Lichtenrader Herbst 2017"]
[Site "Berlin"]
[Date "2017.10.29"]
[Round "2.12"]
[White "Buttkus, Andre"]
[Black "Biriukov, Nikolai"]
[Result "0-1"]
[WhiteElo "1941"]
[BlackElo "2250"]
[PlyCount "72"]
[EventDate "2017.??.??"]
[WhiteTeam "SK Tempelhof 1931"]
[BlackTeam "Bahn-SC Wuppertal"]

1. e4 c5 2. Nc3 Nc6 3. d3 g6 4. g3 Bg7 5. Bg2 e6 6. Be3 Nd4 7. Nce2 d6 8. c3
Nxe2 9. Nxe2 Nf6 10. h3 O-O 11. O-O Ne8 12. Qd2 f5 13. Bh6 Rb8 14. Bxg7 Nxg7
15. d4 fxe4 16. Bxe4 b6 17. Rad1 Ba6 18. Rfe1 Qf6 19. Nc1 Rbd8 20. Bg2 Kh8 21.
f4 Nf5 22. Kh2 cxd4 23. cxd4 Rc8 24. Nb3 Bc4 25. Bf1 Bd5 26. Bg2 Bc4 27. Bf1 b5
28. Nc1 h5 29. h4 Nxh4 30. gxh4 Qxh4+ 31. Kg1 Rxf4 32. Bg2 Rcf8 33. Nb3 Bd5 34.
Bxd5 exd5 35. Re2 Rg4+ 36. Rg2 Rff4 0-1

[Event "Lichtenrader Herbst 2017"]
[Site "Berlin"]
[Date "2017.10.29"]
[Round "2.13"]
[White "Mueller, Nick"]
[Black "Guenther, Thomas"]
[Result "1-0"]
[WhiteElo "2249"]
[BlackElo "1940"]
[PlyCount "69"]
[EventDate "2017.??.??"]
[WhiteTeam "Greifswalder SV"]

1. e4 c5 2. Nf3 Nc6 3. Bb5 d6 4. O-O Bd7 5. Re1 g6 6. h3 Bg7 7. c3 Nf6 8. d4
cxd4 9. cxd4 O-O 10. Nc3 a6 11. Bf1 Ne8 12. Bg5 h6 13. Be3 Kh7 14. Qd2 b5 15.
Rac1 Na5 16. b3 e6 17. Bd3 Nc6 18. Bb1 Ne7 19. Ne2 d5 20. e5 f5 21. h4 Ng8 22.
Nf4 Ne7 23. Rc5 Rg8 24. Rec1 Bf8 25. g3 Nc8 26. Kg2 Ne7 27. Bd3 Rb8 28. Qb2 Nc8
29. R5c2 Kh8 30. Rc6 Rb6 31. R6c2 Rb8 32. Bd2 Ne7 33. Bb4 Nc6 34. Bxf8 Rxf8 35.
Nxg6+ 1-0

[Event "Lichtenrader Herbst 2017"]
[Site "Berlin"]
[Date "2017.10.29"]
[Round "2.14"]
[White "Oelmann, Henry"]
[Black "Foerster, Jonas"]
[Result "0-1"]
[WhiteElo "1919"]
[BlackElo "2229"]
[PlyCount "94"]
[EventDate "2017.??.??"]
[WhiteTeam "SC Oranienburg"]
[BlackTeam "SV Empor Berlin"]

1. Nf3 e6 2. d4 Nf6 3. c4 c5 4. Nc3 cxd4 5. Nxd4 Bb4 6. Bd2 Nc6 7. e3 O-O 8.
Be2 e5 9. Nf3 Re8 10. Qc2 e4 11. Ng5 Qe7 12. O-O h6 13. Nh3 Bd6 14. Nb5 Bb8 15.
Nf4 a6 16. Qa4 Bxf4 17. exf4 d5 18. cxd5 Nxd5 19. Nc3 Nxc3 20. Bxc3 Bf5 21. g4
Bd7 22. Rad1 b5 23. Qb3 Red8 24. h3 b4 25. Be1 Be6 26. Rxd8+ Rxd8 27. Qa4 Nd4
28. Bd1 Bc4 29. Bxb4 Qh4 30. Qa3 Bxf1 31. Be7 Nf3+ 32. Bxf3 Qxh3 33. Bxe4 Qxg4+
34. Qg3 Qxg3+ 35. fxg3 Re8 36. Bd6 Rxe4 37. Kxf1 f6 38. a3 Re3 39. Kf2 Rb3 40.
Bc5 Rxb2+ 41. Kf3 f5 42. Ke3 Kf7 43. Kd4 Rb3 44. Kc4 Rxg3 45. Kb4 Rf3 46. Bd6
h5 47. a4 h4 0-1

[Event "Lichtenrader Herbst 2017"]
[Site "Berlin"]
[Date "2017.10.29"]
[Round "2.15"]
[White "Brustkern, Juergen"]
[Black "Kornitzky, Tino"]
[Result "1-0"]
[WhiteElo "2228"]
[BlackElo "1905"]
[PlyCount "49"]
[EventDate "2017.??.??"]
[WhiteTeam "Lasker Steglitz Wilmersdorf"]
[BlackTeam "SC Erlangen"]

1. f4 g6 2. Nf3 d5 3. e3 Bg7 4. Be2 c5 5. O-O Nc6 6. d3 Nh6 7. Qe1 O-O 8. Bd1
Nf5 9. e4 dxe4 10. dxe4 Nfd4 11. c3 Nxf3+ 12. Bxf3 e5 13. f5 b6 14. Qg3 Ba6 15.
Re1 Bf6 16. Qg4 Qe7 17. Bh6 Rfd8 18. Nd2 Rd7 19. Nf1 Bxf1 20. Rxf1 c4 21. Be2
Na5 22. fxg6 Rd6 23. gxf7+ Kxf7 24. Qg7+ Ke8 25. Qh8+ 1-0

[Event "Lichtenrader Herbst 2017"]
[Site "Berlin"]
[Date "2017.10.29"]
[Round "2.16"]
[White "Pesola, Jyrki"]
[Black "Polatel, Ali"]
[Result "0-1"]
[WhiteElo "1907"]
[BlackElo "2224"]
[PlyCount "96"]
[EventDate "2017.??.??"]
[WhiteTeam "KS-58"]
[BlackTeam "SC Zugzwang 95 (Berlin)"]

1. e4 c5 2. Nf3 g6 3. d4 cxd4 4. Nxd4 Nc6 5. c4 Nf6 6. Nc3 d6 7. f3 Nxd4 8.
Qxd4 Bg7 9. Be3 O-O 10. Qd2 a5 11. Na4 Nd7 12. Be2 b6 13. Bd4 Nc5 14. Bxg7 Kxg7
15. Nxc5 bxc5 16. O-O Be6 17. Rad1 Qb6 18. Qc3+ f6 19. Rd2 Rfb8 20. f4 Qb4 21.
Rc1 Qxc3 22. Rxc3 Rb4 23. Kf2 Rab8 24. Rcc2 f5 25. e5 dxe5 26. fxe5 f4 27. b3
a4 28. bxa4 Rxa4 29. Rc3 Rb1 30. Bd3 Ra1 31. Rcc2 g5 32. h3 h5 33. Kf3 Ra3 34.
Kf2 Rxd3 35. Rxd3 Bf5 36. Rdd2 Bxc2 37. Rxc2 Kg6 38. g4 fxg3+ 39. Kxg3 Kf5 40.
Rf2+ Kxe5 41. Re2+ Kd4 42. Rxe7 Rxa2 43. Rg7 h4+ 44. Kg4 Rg2+ 45. Kf5 Kxc4 46.
Rxg5 Rxg5+ 47. Kxg5 Kd3 48. Kxh4 c4 0-1

[Event "Lichtenrader Herbst 2017"]
[Site "Berlin"]
[Date "2017.10.29"]
[Round "2.17"]
[White "Weber, Max"]
[Black "Silz, Elisa"]
[Result "1-0"]
[WhiteElo "2212"]
[BlackElo "1893"]
[PlyCount "61"]
[EventDate "2017.??.??"]
[WhiteTeam "Greifswalder SV"]
[BlackTeam "SV Empor Berlin"]

1. d4 Nf6 2. c4 g6 3. Nc3 Bg7 4. e4 d6 5. Nf3 O-O 6. h3 e5 7. d5 a5 8. Be3 Na6
9. g4 Nd7 10. a3 Nb6 11. Rg1 Bd7 12. Nd2 c6 13. Rg3 Kh8 14. g5 f5 15. gxf6 Bxf6
16. Be2 Bh4 17. Rf3 Rxf3 18. Nxf3 Bf6 19. h4 Nc5 20. Ng5 Kg7 21. dxc6 bxc6 22.
Qxd6 Nb7 23. Qd2 Bxg5 24. hxg5 c5 25. O-O-O Qe7 26. Qc2 Be6 27. Qb3 Qc7 28. Nb5
Qc6 29. Qc3 Nd7 30. f3 a4 31. Bf4 1-0

[Event "Lichtenrader Herbst 2017"]
[Site "Berlin"]
[Date "2017.10.29"]
[Round "2.18"]
[White "Ziese, Gerhard"]
[Black "Stigar, Petter"]
[Result "0-1"]
[WhiteElo "1899"]
[BlackElo "2211"]
[PlyCount "96"]
[EventDate "2017.??.??"]
[WhiteTeam "SG Turm Leipzig"]
[BlackTeam "SK 96"]

1. Nf3 d5 2. c4 e6 3. d4 c6 4. e3 Nf6 5. Nc3 Nbd7 6. Qc2 Bd6 7. Bd3 O-O 8. O-O
dxc4 9. Bxc4 a6 10. e4 e5 11. d5 Nb6 12. Bb3 cxd5 13. Nxd5 Nbxd5 14. exd5 Bg4
15. Bg5 Bxf3 16. gxf3 h6 17. Bxf6 Qxf6 18. Qe4 Qe7 19. Rfe1 f5 20. Qd3 Qh4 21.
f4 Qxf4 22. Rad1 Qg5+ 23. Kh1 e4 24. Qh3 Qf6 25. Re2 Rad8 26. f3 exf3 27. Qxf3
Kh8 28. Qc3 Qxc3 29. bxc3 Rfe8 30. Re6 Rxe6 31. dxe6 Be7 32. Rxd8+ Bxd8 33. Bd5
b6 34. Kg2 g6 35. Kf3 Kg7 36. a4 a5 37. Ke3 Kf6 38. Kd4 Be7 39. Bc4 g5 40. h3
h5 41. Kd5 g4 42. Be2 Kg6 43. hxg4 fxg4 44. Kc6 h4 45. Kd7 Bc5 46. e7 Bxe7 47.
Kxe7 h3 48. Bf1 Kh5 0-1

[Event "Lichtenrader Herbst 2017"]
[Site "Berlin"]
[Date "2017.10.29"]
[Round "2.19"]
[White "Chan, Kim Yew"]
[Black "Reuter, Maximilian"]
[Result "1-0"]
[WhiteElo "2185"]
[BlackElo "1893"]
[PlyCount "31"]
[EventDate "2017.??.??"]
[BlackTeam "SchVgg Blankenese"]

1. Nf3 Nc6 2. d4 d5 3. Bf4 Bg4 4. e3 e6 5. c4 Bd6 6. Bg3 Nge7 7. Nc3 O-O 8. Bd3
Nf5 9. Bxd6 Qxd6 10. cxd5 Nb4 11. dxe6 Nxd3+ 12. Qxd3 Bxf3 13. Qxf5 fxe6 14.
Qh3 Qb4 15. Rb1 Be4 16. Qxe6+ 1-0

[Event "Lichtenrader Herbst 2017"]
[Site "Berlin"]
[Date "2017.10.29"]
[Round "2.20"]
[White "Arndt, Uwe"]
[Black "Schnabel, Ralf"]
[Result "0-1"]
[WhiteElo "1893"]
[BlackElo "2161"]
[PlyCount "54"]
[EventDate "2017.??.??"]
[WhiteTeam "BSV 63 Chemie Weißensee"]
[BlackTeam "ESV Nickelhuette Aue"]

1. d4 f5 2. c4 Nf6 3. g3 g6 4. Bg2 Bg7 5. Nf3 O-O 6. O-O d6 7. b3 c6 8. Bb2 a5
9. Nc3 Na6 10. Qd2 Qc7 11. d5 Nc5 12. Nd4 Bd7 13. Rad1 Rad8 14. Ba3 Rfe8 15.
Rfe1 Rc8 16. Bxc5 dxc5 17. Nc2 e5 18. dxe6 Bxe6 19. e4 Rcd8 20. Qg5 Rxd1 21.
Rxd1 Qe5 22. Na4 Nxe4 23. Bxe4 Qxe4 24. Rd8 Rxd8 25. Qxd8+ Bf8 26. Nxc5 Qxc2
27. Nxe6 Qb1+ 0-1

[Event "Lichtenrader Herbst 2017"]
[Site "Berlin"]
[Date "2017.10.29"]
[Round "2.21"]
[White "Shoipov, Dennie"]
[Black "Behrmann, Joachim"]
[Result "1/2-1/2"]
[WhiteElo "1890"]
[BlackElo "2150"]
[PlyCount "26"]
[EventDate "2017.??.??"]
[BlackTeam "SK Zehlendorf"]

1. e4 e5 2. Nf3 Nc6 3. Bc4 Nf6 4. d3 Be7 5. c3 O-O 6. Nbd2 d5 7. exd5 Nxd5 8.
O-O Kh8 9. Re1 Bg4 10. Qb3 Na5 11. Qa4 Nxc4 12. Qxc4 Bxf3 13. Nxf3 f6 1/2-1/2